[Event "Martinique Gratien Memorial 11th"]
[Site "Martinique"]
[Date "2024.03.25"]
[Round "2"]
[White "Diamant Berger, Ludovic"]
[Black "Bauer, Christian"]
[Result "0-1"]
[WhiteElo "1770"]
[BlackElo "2559"]
[PlyCount "84"]
[EventDate "2024.03.25"]
[EventType "swiss"]
[EventRounds "9"]
[EventCountry "FRA"]
[SourceTitle "EXT 2025"]
[Source "ChessBase"]
[SourceDate "2024.10.14"]
[SourceVersion "1"]
[SourceVersionDate "2024.10.14"]
[SourceQuality "1"]

1. Nf3 c5 2. c4 g6 3. g3 Bg7 4. Bg2 Nc6 5. 0-0 d6 6. a3 e5 7. Qc2 Nge7 8. Nc3 0-0 9. d3 h6 10. e4 f5 11. Ne2 a6 12. Rb1 b5 13. b3 fxe4 14. dxe4 Be6 15. Nd2 Nd4 16. Qd3 Rb8 17. Nc3 Rf7 18. Nd5 Nec6 19. f3 h5 20. Rf2 h4 21. Nf1 h3 22. Bh1 Qa5 23. Ra1 bxc4 24. bxc4 Qe1 25. Qd2 Qxd2 26. Bxd2 Rb2 27. Re1 Ra2 28. Bc1 Ra1 29. Nd2 Bh6 30. Rd1 Bxd2 31. Rfxd2 Nxf3+ 32. Bxf3 Rxf3 33. Bb2 Rxd1+ 34. Rxd1 Na5 35. Rc1 Rb3 36. Rc2 Nxc4 37. Rxc4 Rxb2 38. Ra4 Rg2+ 39. Kh1 Rd2 40. Kg1 Bxd5 41. exd5 Rxd5 42. Rxa6 Kf7 0-1

[Event "Martinique Gratien Memorial 11th"]
[Site "Martinique"]
[Date "2024.03.25"]
[Round "7"]
[White "Diamant Berger, Ludovic"]
[Black "Partac, Elena"]
[Result "1/2-1/2"]
[WhiteElo "1770"]
[BlackElo "2090"]
[PlyCount "73"]
[EventDate "2024.03.25"]
[EventType "swiss"]
[EventRounds "9"]
[EventCountry "FRA"]
[SourceTitle "EXT 2025"]
[Source "ChessBase"]
[SourceDate "2024.10.14"]
[SourceVersion "1"]
[SourceVersionDate "2024.10.14"]
[SourceQuality "1"]

1. Nf3 c5 2. c4 Nc6 3. g3 g6 4. Bg2 Bg7 5. Nc3 d6 6. 0-0 e5 7. d3 Nge7 8. Rb1 0-0 9. a3 f5 10. e3 h6 11. Ne2 Be6 12. b3 d5 13. Qc2 Rc8 14. Bd2 Qd7 15. Rbd1 Rfd8 16. Qc1 g5 17. Ne1 dxc4 18. dxc4 e4 19. Nc2 Qc7 20. Bc3 Rd3 21. Ne1 Rxd1 22. Qxd1 Rd8 23. Qc1 Ne5 24. Qc2 N7c6 25. Qc1 Nd3 26. Qc2 Nce5 27. Kh1 Qd7 28. Kg1 Nxe1 29. Rxe1 Nf3+ 30. Bxf3 exf3 31. Bxg7 Qxg7 32. Nc3 Qf7 33. Rd1 Rf8 34. Nd5 Qh5 35. Kh1 Qh3 36. Rg1 Rd8 37. Qd1 1/2-1/2